000 00283nam a2200133Ia 4500
100 _aYavorsky/B.M
942 _cBK
654 _ahandbook
245 _aModern Hand Book Of Physics
260 _bMir Publishers
_aMoscow
_c1982
082 _a530
300 _a712
546 _aENGLISH
999 _c29187
_d29187